000 00629nam a2200205 i 4500
001 121880
003 ES-MaACL
005 20250725063208.0
007 t|
008 070214s1961 sp r ||||1| spa d
100 0 _aPlutarco
_992678
245 1 0 _aPericles y Nicias /
_cPlutarco ; edición escolar preparada por Bernardo Perea Morales.
260 _aMadrid :
_bDelsa,
_c1961.
300 _a127 p. ;
_c24 cm.
600 0 4 _aPericles
_9131022
600 0 7 _aNicias,
_dca. 470-413 a.C.
_2embne
_9130465
700 1 _aPerea Morales, Bernardo.
_990439
852 _aES-MaACL
_jC-20580
_bR.48897
999 _c121880
_d121880